The top half of The Premier League 2009/10 Quiz Stats

 Plays Quiz not verified by Sporcle

Challenge
Share
Tweet
Embed
Score 0/10 Timer 04:00
0 Plays Today
% Correct
Chelsea
98.5%
Liverpool
98.5%
Manchester United
96.9%
Arsenal
95.4%
Manchester City
95.4%
Everton
92.3%
Aston Villa
90.8%
Tottenham Hotspur
87.7%
Birmingham City
49.2%
Blackburn Rovers
46.2%

You're not logged in!

Compare scores with friends on all Sporcle quizzes.
Join for Free
OR
Log In

You Might Also Like...

Show Comments

Extras

Top Quizzes Today


Score Distribution

Your Account Isn't Verified!

In order to create a playlist on Sporcle, you need to verify the email address you used during registration. Go to your Sporcle Settings to finish the process.

Report this User

Report this user for behavior that violates our Community Guidelines.

Details: